Normal view
MARC view
- TOTAL QUALITY MANAGEMENT PUBLIC ADMINSTRATION US
Entry Topical Term
001 - CONTROL NUMBER
- control field: 67502
003 - CONTROL NUMBER IDENTIFIER
- control field: NUST
005 - DATE AND TIME OF LATEST TRANSACTION
- control field: 20210628203833.0
008 - FIXED-LENGTH DATA ELEMENTS
- fixed length control field: 210628|| aca||aabn | a|a d
040 ## - CATALOGING SOURCE
- Original cataloging agency: NUST
- Transcribing agency: NUST
150 ## - HEADING--TOPICAL TERM
- Topical term or geographic name entry element: TOTAL QUALITY MANAGEMENT PUBLIC ADMINSTRATION US
670 ## - SOURCE DATA FOUND
- Source citation: Work cat.: (NUST): Hunt, V. Daniel 67501, Quality management for government , a guide to federal state and local implementation, 1993
